| 000 | 02153nam a2200649Mu 4500 | ||
|---|---|---|---|
| 003 | PE-LiUPU | ||
| 005 | 20250731170426.0 | ||
| 008 | 190204s2013 mx rb 001 0 spa d | ||
| 020 | _a6071715598 | ||
| 020 | _a9786071715593 | ||
| 035 | _a(Sirsi) i9786071715593 | ||
| 040 |
_aPE-LiUPU _bspa _cPE-LiUPU _erda |
||
| 049 | _aPRUA | ||
| 082 | 0 | 4 |
_a155.25 _bC34 _220 |
| 100 | 1 |
_aCastro González, María del Carmen, _eautor. |
|
| 245 | 1 | 0 |
_aResiliencia tanatológica : _bel arte de resurgir del fango / _cMaría del Carmen Castro González. |
| 250 | _aPrimera edición. | ||
| 264 | 1 |
_aMéxico, D.F. : _bTrillas, _c2013. |
|
| 300 |
_a87 páginas : _bilustraciones ; _c23 centímetros |
||
| 336 |
_atext _2rdacontent |
||
| 337 |
_aunmediated _2rdamedia |
||
| 338 |
_avolume _2rdacarrier |
||
| 504 | _aBibliografía: páginas 81-82. | ||
| 504 | _aÍndice: páginas 83-87. | ||
| 505 | 0 | _aTanatología y resiliencia. -- ¿Qué implica ser resiliente?. -- ¿Qué hacer para desarrollar una personalidad resiliente?. -- Resiliencia tanatológica. | |
| 526 | _aSEG68 | ||
| 526 | _aSEG70 | ||
| 526 | _aSEG69 | ||
| 526 | _aSEG67 | ||
| 526 | _aSEG43 | ||
| 526 | _aP144 | ||
| 526 | _aP143 | ||
| 526 | _aP131 | ||
| 526 | _aP122 | ||
| 526 | _aP120 | ||
| 526 | _aP117 | ||
| 526 | _aP112 | ||
| 526 | _aP110 | ||
| 526 | _aP106 | ||
| 526 | _aP101 | ||
| 526 | _aP80 | ||
| 526 | _aP59 | ||
| 526 | _aP54 | ||
| 526 | _aP35 | ||
| 526 | _aP33 | ||
| 526 | _aP30 | ||
| 541 | _gF002-00000786; | ||
| 650 | 4 | _aDuelo. | |
| 650 | 4 | _aPérdida (Psicología) | |
| 650 | 4 | _aResiliencia (Psicología) | |
| 910 |
_adbm _bjpc _cjpc _d20190204 |
||
| 942 |
_2ddc _cBOOK |
||
| 949 |
_a155.25 C34 _wDEWEY _c1 _i79867 _lCATALOGING _mBUL _p12.00 _r0 _sY _tBOOK _u2019-02-04 _xSALUD _zP33 _0COMPRA _o.STAFF. Colección General |
||
| 994 |
_aC0 _bPEPRU |
||
| 596 | _a1 | ||
| 999 |
_a155.25 C34 _wDEWEY _c30942 _i79867 _d30942 _e2019-9-18 _f2021-11-3 _g3 _lCCODEBUL1 _mBUL _n1 _p12.00 _q2 _r0 _sY _tBOOK _u2019-2-4 _xSALUD _zP33 _0COMPRA _1FCOMPR2 _o.STAFF. Colección General |
||
| 980 |
_81 _gALBERTO SANCHEZ Responsable de Automatización |
||